| 000 | 01330nam a22003374a 4500 | ||
|---|---|---|---|
| 001 | ebr10126102 | ||
| 003 | CaPaEBR | ||
| 006 | m u | ||
| 007 | cr cn||||||||| | ||
| 008 | 050607s2006 dcua sb 001 0 eng | ||
| 010 | _z 2005050742 | ||
| 020 | _z0821362399 (pbk.) | ||
| 040 |
_aCaPaEBR _cCaPaEBR |
||
| 035 | _a(OCoLC)80243762 | ||
| 050 | 1 | 4 |
_aHG3881.5.W57 _bA345 2006eb |
| 082 | 0 | 4 |
_a382/.41 _222 |
| 245 | 0 | 0 |
_aAgricultural trade reform and the Doha development agenda _h[electronic resource] / _cedited by Kym Anderson and Will Martin. |
| 260 |
_aWashington, DC : _bPalgrave Macmillan/World Bank, _cc2006. |
||
| 300 |
_axviii, 420 p. : _bill. |
||
| 504 | _aIncludes bibliographical references and index. | ||
| 533 |
_aElectronic reproduction. _bPalo Alto, Calif. : _cebrary, _d2013. _nAvailable via World Wide Web. _nAccess may be limited to ebrary affiliated libraries. |
||
| 610 | 2 | 0 | _aWorld Trade Organization. |
| 611 | 2 | 0 |
_aDoha Development Agenda _d(2001- ) |
| 650 | 0 | _aAgriculture and state. | |
| 650 | 0 | _aInternational trade. | |
| 655 | 7 |
_aElectronic books. _2local |
|
| 700 | 1 | _aAnderson, Kym. | |
| 700 | 1 |
_aMartin, Will, _d1953- |
|
| 710 | 2 | _aebrary, Inc. | |
| 856 | 4 | 0 |
_uhttp://site.ebrary.com/lib/rucke/Doc?id=10126102 _zAn electronic book accessible through the World Wide Web; click to view |
| 999 |
_c81077 _d81077 |
||